| 000 | 00889nam a22002177a 4500 | ||
|---|---|---|---|
| 003 | NALT | ||
| 005 | 20251125232938.0 | ||
| 008 | s2534 th tha d | ||
| 040 | _aNALT | ||
| 041 | _atha | ||
| 050 | _aJQ1745 ก55ม777 2534 | ||
| 100 | 0 | _aพูนศักดิ์ วรรณพงษ์ | |
| 245 | 1 | 0 | _aที่นี่....ที่รามฯ |
| 260 | 3 |
_aกรุงเทพฯ : _bโครงการนักศึกษาและบัณฑิตอาสาช่วยเหลือสังคมทางกฎหมาย, _c2534 |
|
| 300 |
_a339 หน้า : _b ภาพประกอบ |
||
| 650 | 0 | 4 | _aการเมืองกับการศึกษา |
| 850 | _aNALT | ||
| 856 | 4 | 0 | _uhttps://hdl.handle.net/20.500.14156/336059 |
| 942 |
_cGB _2lcc |
||
| 999 |
_c40862 _d40862 |
||
| 998 |
_j109 _k อารีรัตน์ วิชาช่าง |
||